00593nam a2200181Ia 4500003000900000005001700009008004100026040001300067040001300080041000800093245006500101250001300166260001400179300000800193490000600201600017600207710002800383IT-RoPAU20220918175454.0120407s9999 xx 000 0 und d aIT-RoPAU cIT-RoPAU aita aPolitica in Italia. I fatti dell’anno e le interpretazioni aBologna  aIl Mulino c cm v1 a"Edizioni anni: 1986, 1987, 1988, 1989, 1990, 1991, 1992, 1993, 1994, 1995, 1996, 1997, 1998, 1999. 2000. " aIstituto Carlo Cattaneo